000 01071nam a2200265Ia 4500
003 OSt
005 20221005104817.0
006 a|||||r|||| 00| 0
007 ta
008 221004b |||||||| |||| 00| 0 san d
020 _a9789385144578 (hbk)
_cINR 795.00
024 _a29645
037 _b293, 08/03/2017, Eastern Book Linkers
_cTextual
040 _aCRL
_cCRL
_bsan
041 _2san
_asan
082 _aQ124:4x1,1, 152Q6
100 _aशर्मा, संजीव कुमार, ले.
245 0 _aमानवगृह्यसूत्रः एक संस्कारात्मक विवेचन
246 _aMānavagṛuhyasūtrah ek sanskārātmak vivechana
260 _aदिल्ली
_bशिवालिक प्रकाशन भारत
_c2016
300 _a279पृ0
_ccm.
650 _aधर्मशास्त्र
942 _hQ124:4x1,1, 152Q6
_cTEXL
_2cc
999 _c1013867
_d1013867